000 00369nam a2200157Ia 4500
999 _c2395
_d2395
003 OSt
005 20200109154146.0
008 190802s9999 xx 000 0 und d
020 _a978-9699807022
040 _bEnglish
_cMAJU
100 _aAbu Yahya
245 0 _aWhen life begins
260 _aPakistan
_bInzaar Publications
_c2011
300 _a256:p
942 _cBK
_2ddc